| 000 | 00516nam a2200193Ia 4500 | ||
|---|---|---|---|
| 003 | OSt | ||
| 005 | 20230609115310.0 | ||
| 008 | 210423s2005 xx 000 0 und d | ||
| 040 | _cAL | ||
| 082 |
_a361.3 NAGS _223 |
||
| 100 |
_aNAGPAUL (Hana) _9123286 |
||
| 245 | _aSocial work in urban india | ||
| 260 |
_aNew Delhi _bRawat Publications _c2005 |
||
| 365 | _cINR | ||
| 650 |
_aSocial Problems & Services _9123287 |
||
| 650 |
_aSocial Work _9123288 |
||
| 906 | _aindia ; Social ; urban ; work | ||
| 942 |
_2ddc _cBK |
||
| 999 |
_c174250 _d174250 |
||